Sports Quiz

Random Sports Quiz

Top 50 Champion's League Appearances Quiz Stats

 Plays Quiz not verified by Sporcle

Challenge
Share
Tweet
Embed
Score 0/50 Timer 10:00
0 Plays Today
Clubs Player % Correct
Real Madrid / Manchester UnitedCristiano Ronaldo
99.2%
Real Madrid / PortoIker Casillas
98.8%
BarcelonaLionel Messi
97.7%
Manchester UnitedRyan Giggs
97.3%
BarcelonaXavi
96.9%
Manchester UnitedPaul Scholes
96.9%
Real Madrid / SchalkeRaúl
96.5%
BarcelonaAndrés Iniesta
96.5%
Inter Milan / Juventus / AC Milan / Barcelona / PSG / AjaxZlatan Ibrahimović
93.1%
BarcelonaCarles Puyol
92.7%
Barcelona / Arsenal / MonacoThierry Henry
92.7%
ChelseaJohn Terry
92.3%
Chelsea / Manchester CityFrank Lampard
91.2%
Juventus / ParmaGianluigi Buffon
91.2%
Bayern Munich / Real Sociedad / Real Madrid / LiverpoolXabi Alonso
90%
AC MilanPaolo Maldini
89.2%
AC Milan / Real Madrid / PSG / Manchester UnitedDavid Beckham
89.2%
AC Milan / Real Madrid / AjaxClarence Seedorf
86.5%
Stuttgart / Bayern MunichPhilipp Lahm
86.5%
Leeds / Manchester UnitedRio Ferdinand
86.5%
Chelsea / Arsenal / Sparta PrahaPetr Čech
85.8%
Chelsea / Marseille / GalatasarayDidier Drogba
85%
Manchester UnitedWayne Rooney
83.5%
Real MadridSergio Ramos
83.5%
AC Milan / Chelsea / Dynamo KyivAndriy Shevchenko
83.1%
Clubs Player % Correct
Kaiserslautern / Bayern Munich / Bayer Leverkusen / ChelseaMichael Ballack
81.9%
BarcelonaVíctor Valdés
81.5%
Inter Milan / Juventus / AC MilanAndrea Pirlo
81.2%
Bayern Munich / Real Madrid / Chelsea / PSVArjen Robben
81.2%
Manchester UnitedGary Neville
80.4%
Inter Milan / Barcelona / Real MadridLuís Figo
78.8%
Bayern Munich / Manchester UnitedBastian Schweinsteiger
78.8%
Bayern MunichOliver Kahn
76.9%
Barcelona / Chelsea / ArsenalCesc Fàbregas
75%
Real Madrid / FenerbahçeRoberto Carlos
74.6%
Roma / Chelsea / ArsenalAshley Cole
74.2%
Juventus / Manchester United / AjaxEdwin van der Sar
73.8%
Inter MilanJavier Zanetti
72.7%
JuventusAlessandro Del Piero
70.8%
Juventus / Manchester United / MonacoPatrice Evra
70%
Lazio / AC MilanAlessandro Nesta
70%
Valencia / Real Madrid / Liverpool / Monaco / MarseilleFernando Morientes
68.1%
AC Milan / Real MadridKaká
67.3%
Real Madrid / Chelsea / Porto / MonacoRicardo Carvalho
61.5%
Real Madrid / Chelsea / NantesClaude Makélélé
60.8%
Real MadridGuti
49.6%
Inter Milan / Barcelona / PSG / AjaxMaxwell
36.2%
Valencia / Real MadridIván Helguera
35%
Lazio / Inter MilanDejan Stanković
22.7%
Bayern Munich / JuventusHasan Salihamidžić
16.2%

You're not logged in!

Compare scores with friends on all Sporcle quizzes.
Join for Free
OR
Log In

You Might Also Like...

Show Comments

Extras

Top Quizzes Today


Score Distribution

Your Account Isn't Verified!

In order to create a playlist on Sporcle, you need to verify the email address you used during registration. Go to your Sporcle Settings to finish the process.

Report this User

Report this user for behavior that violates our Community Guidelines.

Details: